| 000 | 01240nam a22002777a 4500 | ||
|---|---|---|---|
| 001 | BD-DhSAU 9278 | ||
| 003 | BD-DhSAU | ||
| 005 | 20230301165304.0 | ||
| 008 | 150613b2018 bg a|||| m||| 00| 0 eng d | ||
| 040 | _aBD-DhSAU | ||
| 082 |
_222 _a630.2 _bSa453 |
||
| 100 |
_aSAMMA, SADIA _eRegistration No. # 19-10334 |
||
| 245 |
_aAssessment of heavy metal contamination in
vegetables field of bogura district: overview
of pollution indices and risk assessment
/
_bMS thesis |
||
| 260 |
_aSher-e-Bangla Agricultural University : _bDepartment of Agricultural Chemistry, _c2021 |
||
| 300 |
_aviii, 49p. : _bill. ; _c30 cm. |
||
| 500 | _aMS thesis of Department of agricultural Chemistry, Faculty of Agriculture , Sher-e-Bangla Agricultural University, Dhaka, Bangladesh | ||
| 504 | _aIncludes bibliographical reference. | ||
| 590 | _aNazmul | ||
| 650 | _aheavy metal contamination | ||
| 650 | _avegetables field of bogura district: | ||
| 651 | _apollution indices and risk assessment | ||
| 700 |
_aProf. Dr. Md. Sirajul Islam Khan _eSuperviser |
||
| 700 |
_aAssoci. Prof. Dr. Abdul Kaium _eCo-superviser |
||
| 856 | _uhttp://archive.saulibrary.edu.bd:8080/xmlui/handle/123456789/4807 | ||
| 942 |
_2ddc _cTHESIS |
||
| 999 |
_c16672 _d16671 |
||